00629nam a2200193Ia 4500003000400000005001700004008004100021040000700062041000800069082001600077100003100093245007600124260004400200300000900244650002000253942001300273999001900286952013000305OSt20260505130100.0250729s2011 xx 000 0 und d cAL akan a494.50 PRAJ aPraash Rathna Mula9231055 aJnana pita prashasthi kannadigaru hagu suprasidda vyakthigala charithre aGadagbShabhadimat Printing Pressc2011 a150p aKannada9231056 2ddccBED c239090d239090 00104070aALbALd2025-07-29eManagement Booksg25.00l0o494.50 PRAJpBED04409r2025-07-29 16:57:15v25.00w2025-07-29yBK